000 01240nam a22003017a 4500
999 _c3210
_d3210
003 AR-CdUCM
008 190306b ||||| |||| 00| 0 spa d
040 _aMUNICIPALIDAD PROVINCIAL DEL CUSCO
_cBIBLIOTECA MUNICIPAL DEL CUSCO
082 _a338.985 /
_bV39
100 _aVega Centeno, Máximo
_93658
245 _aTecnología y desarrollo en el Perú /
260 _aLima :
_bComisión de Coordinación de Tecnología Andina,
_c1988.
300 _a267 páginas ;
_bilustraciones, mapas,
_c21 cm.
440 _aSerie: Cuadernos de debate y reflexión.
_n2
_910760
505 _aContenido: El cambio técnico en el Perú -- Ciencias, tecnología y desarrollo -- Estado y formación de políticas en ciencia y tecnología -- Mitos tecnológicos y proyecto nacional -- Cultura, educación, comunidad y tecnología ...
650 _aTecnologías
_910761
650 _aPerú
_935
650 _aPaíses en desarrollo
_96901
700 _aLópez Soria, Ignacio
_910762
700 _aPodestá, Bruno
_910763
700 _aIshizawa, Jorge
_910764
700 _aAnsión, Juan
_96829
700 _aBrack, Antonio
_910765
700 _aBlanco, Oscar
_910766
700 _aTapia, Mario (coautores)
_910767
942 _2ddc
_cLIBROS
945 _aachl